000 00588nam a22002297a 4500
001 449
003 FISKH
005 20230424093514.0
008 230424b cb ||||| |||| 00| 0 eng d
040 _aFISKH
_beng
_cFISKH
_dFISKH
050 _aPE1119.B783
082 _a809
100 _aPikulski, John
245 _aBookworm
260 _aBoston :
_bHoughton Mifflin Company.
_c1991.
300 _a219 pages.
_c29 cm.
505 _aH
520 _aA collection of stories and poems from around the world.
521 8 _a510
_bLexile
521 8 _aH
_bRaz-Plus
942 _2ddc
_cBK
_n0
999 _c449
_d449